1769 1029 1354 1596 1492 1624 1830 1546 1011 1741 1268 1277 1156 1666 1470 1729 1187 1173 1673 1651 1141 1965 1706 1430 1262 1156 1549 1539 1993 1588 1683 1702 1073 1411 1644 1911 1336 1757 1386 1760 1357 1177 1349 1612 1922 1804 1516 1475 1380 1336 1948 1810 1122 1326 1754 1155 1001 1017 1049 1692 1830 1576 1000 1935 1937 1405 1518 1168 1782 1148 1580 1646 1637 1932 1293 1659 1118 1468 1285 1500 1674 1105 1119 1833 1768 1435 1285 1929 1745 1610 1483 1161 1503 1720 1032 1009 1125 1899 1389 BCNSPRNW ULIB Ver.6.0+V

เปลี่ยนเป็นภาษาไทย

Change to English
 แสดงรายละเอียดบรรณานุกรม
  กลับหน้าหลัก

Brief Record : Get Marc (ISO 2709) : E-mail record : QR code < ปิดหน้าต่าง
LEADER : 00000nam 2200000uu 4500
001    13399112751
003     ULIB
008    110908s2545||||th 000 0 tha d
020    9742692114
050 04 LB1028.5^bว549ร 2545
110 2  กองวิจัยทางการศึกษา
245 10 การพัฒนาและการใช้คอมพิวเตอร์เพื่อการเรียนการสอน : กรณีศึกษาโรงเรียนประถมศึกษา :^bรายงานการวิจัย /^cกองวิจัยทางการศึกษา กรมวิชาการ กระทรวงศึกษาธิการ
246 30 รายงานการวิจัยเรื่อง การพัฒนาและการใช้คอมพิวเตอร์เพื่อการเรียนการสอน
250    พิมพ์ครั้งที่ 1
260    กรุงเทพฯ :^bกองวิจัยทางการศึกษา,^c2545
300    227 หน้า
504    บรรณานุกรม: หน้า 184
650  7 คอมพิวเตอร์ช่วยการสอน
650  7 การศึกษาขั้นประถม
650  7 โรงเรียนประถมศึกษา
650  7 การเรียนการสอนผ่านเว็บ
945    ^p0^l0^i015190
995    ทศพร
999 ^a ทศพร
รายการนี้ยังไม่มีแท็ก
คุณยังไม่ได้ล็อกอิน คุณสามารถมีกิจกรรมร่วมกับเว็บไซต์ได้ แต่ต้องล็อกอินก่อน ::
  ล็อกอิน

รายการสื่อสารสนเทศ

ลำดับที่ ประเภท เลขเรียก/บาร์โค้ด สถานที่ สถานะ
- ไม่พบข้อมูล -

รายการใกล้เคียง
    หัวเรื่อง [คอมพิวเตอร์ช่วยการสอน]
    หัวเรื่อง [การศึกษาขั้นประถม]
    หัวเรื่อง [การเรียนการสอนผ่านเว็บ]

BibComment


ยังไม่เคยถูกคอมเมนท์

คอมเมนท์ทรัพยากรรายการนี้
  คอมเมนท์: การพัฒนาและการใช้..


 Copyright 2026. Bcnsprnw @Library